000 00544nam a2200217Ia 4500
003 OSt
005 20220928144659.0
006 a|||||r|||| 00| 0
007 ta
008 220927b |||||||| |||| 00| 0 eng d
024 _a73014
037 _cTextual
040 _aSDCL
_cSDCL
_beng
041 _2eng
_aeng
082 _aV2y7L72, MO
100 _aDasgupta B N
_9509064
245 0 _aLife and times of Rajah Ram Mohan Roy.
260 _c1980
942 _hV2y7L72, MO
_cTEXL
_2CC
999 _c828922
_d828922